[Event "Atina Open og KM 2025"]
[Site "Amager"]
[Date "2025.11.15"]
[Round "4.7"]
[White "Olsen, Michael Richard W"]
[Black "Jalving, August"]
[Result "1/2-1/2"]
[WhiteElo "2088"]
[BlackElo "2276"]
[WhiteFideId "1440969"]
[BlackFideId "1471759"]
[EventDate "2025.11.14"]
[EventType "swiss"]
[EventRounds "7"]
[EventCountry "DEN"]
[SourceTitle "Live v. Kasper Jerwiarz"]

1. e4 c5 2. Nf3 d6 3. d4 cxd4 4. Nxd4 Nf6 5. Bd3 g6 6. O-O Bg7 7. c3 O-O 8. Nd2 Nc6 9. Nc2 d5 10. exd5 Nxd5 11. Nc4 Be6 12. Re1 Qc7 13. Bf1 Rad8 14. Qf3 b5 15. N4e3 b4 16. Nxd5 Bxd5 17. Qh3 bxc3 18. bxc3 Be6 19. Qf3 Be5 20. Bh6 Rfe8 21. Nd4 Nxd4 22. cxd4 Bxd4 23. Rac1 Qa5 24. Re2 Bg7 25. Bxg7 Kxg7 26. Rec2 Rc8 27. h3 Rxc2 28. Rxc2 Bxa2 29. Bc4 Bxc4 30. Rxc4 Qe1+ 31. Kh2 Qe5+ 32. g3 Rd8 33. Re4 Qc5 34. Rf4 f5 35. Qe2 Rc8 36. Rf3 Rc7 37. Re3 Kg8 38. Re5 Qd4 39. Kg2 Kf8 40. Kh2 Rc2 41. Rxf5+ gxf5 42. Qxc2 Qe5 43. Qc8+ Kg7 44. Qa6 Qc5 45. Kg1 Qb6 46. Qa1+ Kg8 47. Qe5 e6 48. h4 a6 49. h5 Qc6 50. Qf6 Qd7 51. Qg5+ Kf7 52. Qh6 Ke8 53. Qg5 Qf7 54. Qf4 Qxh5 55. Qa4+ Kf7 56. Qxa6 Qd1+ 57. Kh2 Qe1 58. Qa7+ Kg6 59. Kg2 Qe4+ 60. Kg1 f4 61. gxf4 Qxf4 62. Qd7 Qg4+ 63. Kh2 h5 64. Qd3+ Kg5 65. Qd8+ Kf4 66. Qf6+ Qf5 67. Qd4+ Kg5 68. Qg7+ Qg6 69. Qe5+ Kh6 70. Qh8+ Kg5 71. Qe5+ Qf5 72. Qg7+ Kf4 73. Qd4+ Qe4 74. Qf6+ Kg4 75. f3+ Qxf3 76. Qxe6+ Kg5 77. Qe5+ Kg6 78. Qe6+ Qf6 79. Qe4+ Kg7 80. Qb7+ Kh6 81. Qe4 Qd6+ 82. Kh3 Qd7+ 83. Kh4 Qg4+ 84. Qxg4 hxg4 85. Kxg4 1/2-1/2

[Event "Atina Open og KM 2025"]
[Site "Amager"]
[Date "2025.11.15"]
[Round "4.8"]
[White "Hoi, Carsten"]
[Black "Moe, Anton Helsted"]
[Result "1-0"]
[WhiteElo "2282"]
[BlackElo "1978"]
[WhiteFideId "1400100"]
[BlackFideId "1475738"]
[EventDate "2025.11.14"]
[EventType "swiss"]
[EventRounds "7"]
[EventCountry "DEN"]
[SourceTitle "Live v. Kasper Jerwiarz"]

1. d4 Nf6 2. c4 g6 3. Nc3 d5 4. Nf3 Bg7 5. Bg5 O-O 6. e3 c6 7. Bd3 Bf5 8. O-O Ne4 9. Bxe4 Bxe4 10. Nxe4 dxe4 11. Nd2 h6 12. Bf4 f5 13. Qb3 e5 14. Bxe5 Bxe5 15. dxe5 Qxd2 16. Rad1 Qa5 17. c5+ Rf7 18. Qe6 Qc7 19. Qxg6+ Rg7 20. Qe8+ Kh7 1-0

[Event "Atina Open og KM 2025"]
[Site "Amager"]
[Date "2025.11.15"]
[Round "4.9"]
[White "Li, Anna Sofie"]
[Black "Laursen, Niels Norskov"]
[Result "0-1"]
[WhiteElo "2024"]
[BlackElo "2193"]
[WhiteFideId "1472119"]
[BlackFideId "1404709"]
[EventDate "2025.11.14"]
[EventType "swiss"]
[EventRounds "7"]
[EventCountry "DEN"]
[SourceTitle "Live v. Kasper Jerwiarz"]

1. e4 d6 2. d4 Nf6 3. Nc3 g6 4. Be3 a6 5. f3 b5 6. Qd2 Nbd7 7. a4 b4 8. Na2 a5 9. Bb5 Bb7 10. Ne2 c6 11. Bd3 Rc8 12. h4 Qc7 13. g4 Nb6 14. Nac1 h5 15. g5 Nfd7 16. Nb3 Ra8 17. O-O Bg7 18. c3 c5 19. dxc5 dxc5 20. cxb4 cxb4 21. Bb5 O-O 22. Rac1 Qd6 23. Rfd1 Qe6 24. Bxb6 Qxb6+ 25. Kg2 Ne5 26. Nf4 Rfd8 27. Qe2 e6 28. Rxd8+ Qxd8 29. Nc5 Qb6 30. Nxb7 Qxb7 31. Rc2 Rd8 32. Nd3 Nxd3 33. Bxd3 Qd7 34. Bb5 Qd4 35. Qf2 Qd1 36. Qe2 Qd6 37. Qe3 Bd4 38. Qd2 Qe5 39. Qc1 Kg7 40. Bc6 b3 41. f4 Qd6 42. e5 Qb4 43. Re2 Rc8 44. Re4 Qb6 45. Qd2 Bxb2 46. Qxb2 Rxc6 47. Re2 Rc4 48. Qa3 Qc6+ 49. Kf1 Rxf4+ 50. Ke1 Qc3+ 51. Rd2 Qg3+ 52. Kd1 Qg1+ 53. Ke2 Qf1+ 54. Ke3 Qf3# 0-1

[Event "Atina Open og KM 2025"]
[Site "Amager"]
[Date "2025.11.15"]
[Round "4.10"]
[White "Zander, Emil"]
[Black "Gregor, Bjarke"]
[Result "1-0"]
[WhiteElo "2193"]
[BlackElo "2060"]
[WhiteFideId "1467123"]
[BlackFideId "1423401"]
[EventDate "2025.11.14"]
[EventType "swiss"]
[EventRounds "7"]
[EventCountry "DEN"]
[SourceTitle "Live v. Kasper Jerwiarz"]

1. e4 c5 2. Nf3 d6 3. d4 cxd4 4. Nxd4 Nf6 5. Nc3 a6 6. h3 e5 7. Nb3 h5 8. Bg5 Be6 9. Bxf6 Qxf6 10. Nd5 Qd8 11. Be2 g6 12. Qd3 Bh6 13. O-O Nc6 14. c3 Bxd5 15. Qxd5 Qc7 16. Rfd1 Rd8 17. Qd3 Ne7 18. Bf3 O-O 19. a4 Kg7 20. a5 Nc6 21. Ra4 Bg5 22. Be2 h4 23. Qc2 Qe7 24. Bc4 Rc8 25. Bd5 Rc7 26. Qd3 Rd8 27. Na1 Qd7 28. Bb3 Ne7 29. Nc2 Ng8 30. Rb4 Nf6 31. Rb6 Qc8 32. Nb4 Rc5 33. Ra1 Nh5 34. Nd5 Rc6 35. Rxc6 Qxc6 36. Ba4 Qc8 37. Bd1 Nf4 38. Nxf4 Bxf4 39. Bb3 Qc5 40. Bd5 Rd7 41. b4 Qc8 42. c4 Rc7 43. Ra3 Qd8 44. Qe2 Qg5 45. Rb3 Bd2 46. Kh2 f5 47. Kg1 Kh6 48. exf5 gxf5 49. c5 Bxb4 50. Rxb4 Rxc5 51. Bxb7 Rxa5 52. Qd1 Qe7 53. Rb6 Rb5 54. Rxd6+ Kg5 55. Qd2+ f4 56. Be4 1-0

[Event "Atina Open og KM 2025"]
[Site "Amager"]
[Date "2025.11.15"]
[Round "4.11"]
[White "Iskos, Lukas"]
[Black "Kushyk, Denys"]
[Result "1-0"]
[WhiteElo "2136"]
[BlackElo "1962"]
[WhiteFideId "1461613"]
[BlackFideId "34149066"]
[EventDate "2025.11.14"]
[EventType "swiss"]
[EventRounds "7"]
[EventCountry "DEN"]
[SourceTitle "Live v. Kasper Jerwiarz"]

1. d4 d5 2. Nf3 Nf6 3. Bf4 e6 4. e3 Bd6 5. Bg3 O-O 6. Bd3 b6 7. Nbd2 Ba6 8. Qe2 Bxd3 9. Qxd3 c5 10. c3 Nc6 11. e4 Be7 12. e5 Nh5 13. O-O Nxg3 14. hxg3 a6 15. Kh2 Qd7 16. Rh1 f6 17. Kg1 g6 18. Qe3 fxe5 19. Nxe5 Nxe5 20. Qxe5 Bf6 21. Qe3 cxd4 22. cxd4 Rac8 23. Nf3 Rc2 24. g4 Rfc8 25. Qf4 Qf7 26. b3 Re2 27. a4 Re4 28. Qd6 Bxd4 29. Nxd4 Rxd4 30. Qxb6 Rd2 31. Rh3 Qf6 32. Re1 Re8 33. Rf3 Qe7 34. Qxa6 e5 35. Qc6 e4 36. Rfe3 Qe5 37. f3 Rf8 38. Qc1 Qd4 39. Qc3 Qxc3 40. Rxc3 d4 41. Rc7 e3 42. a5 Rb8 43. a6 Ra8 44. a7 Ra2 45. Rd7 R8xa7 46. Rxd4 e2 47. Re4 Rb7 48. R4xe2 Rxe2 49. Rxe2 Rxb3 50. Re7 Rb5 51. Kf2 g5 52. Ke3 h6 53. Ra7 Rc5 54. Ke4 Rb5 55. Rd7 Ra5 56. Rd5 Ra7 57. Kf5 Kg7 58. Ke6 Kg6 59. Rd3 Ra4 60. Ke5 Ra7 61. Rd6+ Kg7 62. g3 Re7+ 63. Re6 Ra7 64. Rc6 Ra1 65. Rc3 Ra5+ 66. Kd4 Ra6 67. f4 Kf6 68. Ke4 Ra4+ 69. Ke3 Ra6 70. Rb3 Rc6 71. Ra3 Rb6 72. Rd3 Ra6 73. Ke4 Ra4+ 74. Rd4 Ra6 75. Rc4 Rb6 76. Kd5 Kg7 77. Rc7+ Kg8 78. Ke5 Rb5+ 79. Kf6 Rb6+ 80. Kf5 Rb3 81. Kg6 Rb6+ 82. Kh5 Rb3 83. Kxh6 Rxg3 84. Kxg5 Ra3 85. f5 Ra6 86. f6 Rb6 87. Kg6 Rb8 88. Rg7+ Kh8 89. Rh7+ Kg8 90. f7+ 1-0

[Event "Atina Open og KM 2025"]
[Site "Amager"]
[Date "2025.11.15"]
[Round "4.12"]
[White "Brorsen, Jacob Abildlund"]
[Black "Derlich, Sarah Sima"]
[Result "1-0"]
[WhiteElo "2127"]
[BlackElo "1936"]
[WhiteFideId "1411233"]
[BlackFideId "1469290"]
[EventDate "2025.11.14"]
[EventType "swiss"]
[EventRounds "7"]
[EventCountry "DEN"]
[SourceTitle "Live v. Kasper Jerwiarz"]

1. e4 c5 2. Nf3 d6 3. d4 cxd4 4. Nxd4 Nf6 5. Nc3 a6 6. h3 e5 7. Nf3 Be7 8. g4 h6 9. Rg1 Be6 10. g5 Nh7 11. gxh6 g6 12. Be3 Nd7 13. Nd5 Rc8 14. c3 Bxd5 15. exd5 Nhf6 16. Ng5 Qa5 17. Bg2 Qb5 18. Qd2 Nb6 19. b3 Qa5 20. a4 Nbd7 21. c4 Qxd2+ 22. Kxd2 Bf8 23. Bf3 Bxh6 24. h4 Nc5 25. Bxc5 Rxc5 26. a5 Nh7 27. Kc2 Nxg5 28. hxg5 Bg7 29. Be2 Rh2 30. b4 Rc8 31. Raf1 Ke7 32. Kb3 Rh3+ 33. Ka4 Rc3 34. Rc1 Rxc1 35. Rxc1 e4 36. c5 dxc5 37. bxc5 Bd4 38. Kb4 Bxf2 39. Bg4 Rb8 40. Rh1 Bd4 41. d6+ Kf8 42. Kc4 Bb2 43. Kd5 e3 44. Rh3 Re8 45. d7 Rd8 46. Rxe3 Bc1 47. Rb3 Bxg5 48. Rxb7 f5 49. Be2 Ke7 50. c6 Rh8 51. Bxa6 Ra8 52. Bb5 Rxa5 53. Kc4 Bf4 54. c7 Bxc7 55. Rxc7 Ra1 56. Kc5 Rd1 57. Kb6 f4 58. Kb7 f3 59. Kc8 1-0

[Event "Atina Open og KM 2025"]
[Site "Amager"]
[Date "2025.11.15"]
[Round "5.1"]
[White "Jaksland, Tim"]
[Black "Wahlgreen, Noah Krug"]
[Result "1/2-1/2"]
[WhiteElo "2102"]
[BlackElo "2102"]
[WhiteFideId "1401084"]
[BlackFideId "1457349"]
[EventDate "2025.11.14"]
[EventType "swiss"]
[EventRounds "7"]
[EventCountry "DEN"]
[SourceTitle "Live v. Kasper Jerwiarz"]

1. e4 c6 2. Nc3 d5 3. Nf3 dxe4 4. Nxe4 Nf6 5. Qe2 Nxe4 6. Qxe4 Be6 7. b3 Nd7 8. Bb2 Nf6 9. Qh4 Bf5 10. Be2 e6 11. O-O Be7 12. Qc4 O-O 13. Rad1 h6 14. Ne5 1/2-1/2

[Event "Atina Open og KM 2025"]
[Site "Amager"]
[Date "2025.11.15"]
[Round "5.2"]
[White "Loftgaard, Mikkel Vinh"]
[Black "Nielsen, Lars Aaes"]
[Result "1/2-1/2"]
[WhiteElo "2342"]
[BlackElo "2149"]
[WhiteFideId "1468480"]
[BlackFideId "1401726"]
[EventDate "2025.11.14"]
[EventType "swiss"]
[EventRounds "7"]
[EventCountry "DEN"]
[SourceTitle "Live v. Kasper Jerwiarz"]

1. e4 e6 2. d4 d5 3. Nd2 Nc6 4. Ngf3 Nf6 5. exd5 exd5 6. Bb5 Bd6 7. Ne5 O-O 8. Ndf3 Qe7 9. Bxc6 bxc6 10. O-O c5 11. Re1 Ne4 12. dxc5 Bxc5 13. Nd3 Bb6 14. Be3 Bg4 15. h3 Bxf3 16. Qxf3 Qf6 17. Qxf6 Nxf6 18. Rad1 d4 19. Bd2 c5 20. b3 Rfe8 21. f3 Nd5 22. a4 Ne3 23. Bxe3 dxe3 24. Kf1 c4 25. bxc4 Rad8 26. Nf4 Rxd1 27. Rxd1 g5 28. Ne2 Rc8 29. Rd5 Rxc4 30. a5 Ra4 31. axb6 Ra1+ 32. Nc1 Rxc1+ 33. Ke2 axb6 34. Rxg5+ Kf8 35. Rb5 1/2-1/2

[Event "Atina Open og KM 2025"]
[Site "Amager"]
[Date "2025.11.15"]
[Round "5.3"]
[White "Medhus, Vitus Bondo"]
[Black "Iskos, Lukas"]
[Result "1-0"]
[WhiteElo "2354"]
[BlackElo "2136"]
[WhiteFideId "1462547"]
[BlackFideId "1461613"]
[EventDate "2025.11.14"]
[EventType "swiss"]
[EventRounds "7"]
[EventCountry "DEN"]
[SourceTitle "Live v. Kasper Jerwiarz"]

1. e4 c5 2. Nc3 Nc6 3. f4 d6 4. Nf3 g6 5. Bb5 Bg7 6. Bxc6+ bxc6 7. d3 Nf6 8. O-O O-O 9. Qe1 Qb6 10. b3 Ng4 11. Na4 Qc7 12. Bb2 Bxb2 13. Nxb2 d5 14. h3 Nf6 15. Qe3 Ba6 16. c4 Nh5 17. Ne5 f6 18. Ng4 d4 19. Qd2 Bc8 20. Na4 f5 21. exf5 Bxf5 22. Nh6+ Kh8 23. Nxc5 Qd6 24. b4 a5 25. Nxf5 gxf5 26. Nb3 axb4 27. c5 Qd5 28. Qxb4 e5 29. fxe5 Rg8 30. Qd2 Rg3 31. Rf2 Rag8 32. Re1 f4 33. e6 f3 34. e7 Nf6 35. Qf4 Ne8 36. Qxd4+ Qxd4 37. Nxd4 fxg2 38. Nf5 Rxd3 39. Nh6 Rxh3 40. Nxg8 Rh1+ 41. Kxg2 Rxe1 42. Rf8 Nc7 43. Rc8 Kg7 44. a4 Re6 45. Rxc7 Kxg8 46. a5 Kf7 47. a6 Rg6+ 48. Kf3 Rg8 49. e8=Q+ 1-0

[Event "Atina Open og KM 2025"]
[Site "Amager"]
[Date "2025.11.15"]
[Round "5.4"]
[White "Jarlskov, Daniel Tuk Hartso"]
[Black "Hoi, Carsten"]
[Result "1/2-1/2"]
[WhiteElo "2183"]
[BlackElo "2282"]
[WhiteFideId "1463896"]
[BlackFideId "1400100"]
[EventDate "2025.11.14"]
[EventType "swiss"]
[EventRounds "7"]
[EventCountry "DEN"]
[SourceTitle "Live v. Kasper Jerwiarz"]

1. d4 g6 2. c4 Bg7 3. e4 d6 4. Nc3 e5 5. d5 a5 6. h4 h5 7. Nf3 Nd7 8. Be2 Nc5 9. Be3 b6 10. a3 Nf6 11. Ng5 Ng4 12. Bxc5 bxc5 13. b4 axb4 14. axb4 Rxa1 15. Qxa1 cxb4 16. Qa4+ Bd7 17. Qxb4 Bf6 18. Nf3 O-O 19. c5 dxc5 20. Qxc5 Be7 21. Qc4 Qb8 22. O-O Qa7 23. Ng5 Bd6 24. Nb5 Qb6 25. Nxd6 cxd6 26. Qa6 1/2-1/2

[Event "Atina Open og KM 2025"]
[Site "Amager"]
[Date "2025.11.15"]
[Round "5.5"]
[White "Lauridsen, Jesper Morch"]
[Black "Thorsbro, Peter"]
[Result "1-0"]
[WhiteElo "2241"]
[BlackElo "2144"]
[WhiteFideId "1401890"]
[BlackFideId "1406671"]
[EventDate "2025.11.14"]
[EventType "swiss"]
[EventRounds "7"]
[EventCountry "DEN"]
[SourceTitle "Live v. Kasper Jerwiarz"]

1. e4 e5 2. Nf3 Nc6 3. d4 exd4 4. Bc4 Nf6 5. O-O d5 6. exd5 Nxd5 7. Ng5 Be7 8. Nxf7 Kxf7 9. Qh5+ g6 10. Bxd5+ Be6 11. Qf3+ Bf6 12. Bxe6+ Kxe6 13. Qb3+ Qd5 14. Re1+ Kd6 15. Bf4+ Be5 16. c4 Qa5 17. Bxe5+ Nxe5 18. c5+ Qxc5 19. f4 Nc4 20. Nd2 d3+ 21. Kh1 Nxd2 22. Qe6# 1-0

[Event "Atina Open og KM 2025"]
[Site "Amager"]
[Date "2025.11.15"]
[Round "5.6"]
[White "Laursen, Niels Norskov"]
[Black "Brorsen, Jacob Abildlund"]
[Result "0-1"]
[WhiteElo "2193"]
[BlackElo "2127"]
[WhiteFideId "1404709"]
[BlackFideId "1411233"]
[EventDate "2025.11.14"]
[EventType "swiss"]
[EventRounds "7"]
[EventCountry "DEN"]
[SourceTitle "Live v. Kasper Jerwiarz"]

1. Nf3 d5 2. g3 Nd7 3. Bg2 e5 4. d3 Bd6 5. Nbd2 c6 6. e4 Ne7 7. O-O O-O 8. exd5 cxd5 9. c4 d4 10. Ne4 Bc7 11. b4 a5 12. Ba3 Ra6 13. b5 Rh6 14. Re1 Re8 15. Rb1 f5 16. Neg5 Ng6 17. c5 Ndf8 18. c6 bxc6 19. bxc6 Ne6 20. Qb3 Rh5 21. Bc1 h6 22. Nxe6 Bxe6 23. Qd1 Bxa2 24. Rb5 Bf7 25. Nd2 Nf8 26. Nb3 f4 27. Nc5 Rf5 28. Rb7 Bd6 29. Nd7 Be6 30. Be4 Rf7 31. Qh5 Qg5 32. Qe2 Nxd7 33. cxd7 Rxd7 34. Rb5 Rf7 35. Bd2 a4 36. Rb6 Qd8 37. Reb1 a3 38. Ra6 a2 39. Rc1 Rc7 40. Qh5 Rxc1+ 41. Bxc1 Qc8 42. Rc6 a1=Q 43. Rxc8 Rxc8 44. Qg6 Qxc1+ 45. Kg2 f3+ 46. Kxf3 Qd1+ 47. Kg2 Qg4 0-1

[Event "Atina Open og KM 2025"]
[Site "Amager"]
[Date "2025.11.15"]
[Round "5.7"]
[White "Zander, Emil"]
[Black "Sandmann, Villads Majvang"]
[Result "1-0"]
[WhiteElo "2193"]
[BlackElo "2051"]
[WhiteFideId "1467123"]
[BlackFideId "1472313"]
[EventDate "2025.11.14"]
[EventType "swiss"]
[EventRounds "7"]
[EventCountry "DEN"]
[SourceTitle "Live v. Kasper Jerwiarz"]

1. e4 c5 2. Nf3 d6 3. d4 cxd4 4. Nxd4 Nf6 5. Nc3 a6 6. h3 e5 7. Nf3 Be7 8. g4 h6 9. Rg1 b5 10. g5 hxg5 11. Nxg5 Bb7 12. Be3 Qc7 13. a4 b4 14. Nd5 Nxd5 15. exd5 Nd7 16. b3 Rc8 17. Bc4 Nb6 18. Qf3 Rf8 19. Bxb6 Qxb6 20. O-O-O Rc7 21. Bd3 Bc8 22. Qh5 g6 23. Qf3 Bxg5+ 24. Rxg5 Rc3 25. Qe2 Rh8 26. Rxe5+ Kd8 27. Re1 Bd7 28. Re7 Qd4 29. Rxd7+ 1-0

[Event "Atina Open og KM 2025"]
[Site "Amager"]
[Date "2025.11.15"]
[Round "5.8"]
[White "Jalving, August"]
[Black "Nielsen, Viktor Haarmark"]
[Result "0-1"]
[WhiteElo "2276"]
[BlackElo "2380"]
[WhiteFideId "1471759"]
[BlackFideId "1444492"]
[EventDate "2025.11.14"]
[EventType "swiss"]
[EventRounds "7"]
[EventCountry "DEN"]
[SourceTitle "Live v. Kasper Jerwiarz"]

1. e4 e5 2. Nf3 Nc6 3. Bb5 a6 4. Ba4 Nf6 5. O-O Be7 6. Re1 b5 7. Bb3 O-O 8. h3 d6 9. c3 Na5 10. Bc2 c5 11. d4 Qc7 12. d5 Nc4 13. a4 Bd7 14. b3 Na5 15. axb5 axb5 16. Nbd2 b4 17. c4 Nb7 18. Bb2 g6 19. Nf1 Nh5 20. Qb1 Rfb8 21. Bc1 Qc8 22. Bd2 Nd8 23. Qb2 f6 24. Kh2 Nf7 25. Rxa8 Rxa8 26. Ra1 Ra6 27. Ra2 Qa8 28. Rxa6 Qxa6 29. Qb1 Bf8 30. Kg1 Bh6 31. Ng3 Nxg3 32. fxg3 Bxd2 33. Nxd2 Qa3 34. g4 Kg7 35. Nf3 Ng5 36. Nxg5 fxg5 37. Bd1 Be8 38. Be2 Bf7 39. Kh2 Be8 40. Kg1 Bf7 41. Kh2 Qa8 42. Kg1 Bg8 43. Bd1 Qf8 44. g3 Qa8 45. Be2 Bf7 46. Kg2 Be8 47. Kh2 Qa7 48. Kg2 h5 49. gxh5 gxh5 50. Qc1 Qe7 51. Qd1 Bg6 52. Bd3 h4 53. Qg4 hxg3 54. Kxg3 Qf6 55. h4 Kh6 56. hxg5+ Qxg5 57. Qxg5+ Kxg5 58. Bb1 Bh5 59. Bc2 Bg4 60. Bb1 Bd1 61. Ba2 Bc2 62. Kf3 Kh4 0-1

[Event "Atina Open og KM 2025"]
[Site "Amager"]
[Date "2025.11.15"]
[Round "5.9"]
[White "Saravana, Vedant Kumar"]
[Black "Rasmussen, Casper Dahl"]
[Result "0-1"]
[WhiteElo "2108"]
[BlackElo "2312"]
[WhiteFideId "45059730"]
[BlackFideId "1402005"]
[EventDate "2025.11.14"]
[EventType "swiss"]
[EventRounds "7"]
[EventCountry "DEN"]
[SourceTitle "Live v. Kasper Jerwiarz"]

1. e4 e5 2. Nf3 Nf6 3. d4 Nxe4 4. Bd3 d5 5. Nxe5 Nd7 6. Nxd7 Bxd7 7. c4 Bb4+ 8. Nd2 Qg5 9. Bxe4 dxe4 10. Kf1 Qg6 11. Qe2 O-O 12. a3 Bd6 13. c5 Bf4 14. Nc4 Bxc1 15. Rxc1 Bb5 16. Qe3 Qa6 17. Qc3 Rad8 18. Ke2 Qg6 19. Rhg1 Rd5 20. Rc2 Rfd8 21. Rd2 e3 22. fxe3 Qh5+ 23. Kd3 Rxc5 24. b3 Qg6+ 25. e4 Re5 26. Re1 c5 27. Qa5 Bxc4+ 28. Kxc4 Qe6+ 29. d5 Rxe4+ 30. Rxe4 Qxe4+ 31. Kc3 Qe5+ 32. Kc2 Qd6 33. Qxa7 b5 34. Qb7 c4 35. Qxb5 cxb3+ 36. Qxb3 Rc8+ 37. Kd1 Qxh2 38. Qf3 Qg1+ 39. Ke2 Re8+ 40. Kd3 Qc5 41. Rc2 Qxa3+ 42. Rc3 Qa6+ 43. Kd4 Qb6+ 44. Kd3 h6 45. Rc6 Qb3+ 46. Rc3 Qb5+ 47. Kd4 Qb6+ 48. Kd3 g6 49. Rc6 Qb3+ 50. Rc3 Qb5+ 51. Kd2 Qb4 52. Kd3 h5 53. Rc4 Qb3+ 54. Rc3 Qb5+ 55. Kd2 Qb2+ 56. Kd3 Qb1+ 57. Kd4 Qb6+ 58. Kd3 Kg7 59. Rc6 Qb3+ 60. Rc3 Qb5+ 61. Kd2 Rd8 62. Rd3 Qb2+ 63. Kd1 Ra8 64. Ke1 0-1

[Event "Atina Open og KM 2025"]
[Site "Amager"]
[Date "2025.11.15"]
[Round "5.10"]
[White "Olsen, Michael Richard W"]
[Black "Falkesgaard, Jeppe Hald"]
[Result "1-0"]
[WhiteElo "2088"]
[BlackElo "2252"]
[WhiteFideId "1440969"]
[BlackFideId "1464981"]
[EventDate "2025.11.14"]
[EventType "swiss"]
[EventRounds "7"]
[EventCountry "DEN"]
[SourceTitle "Live v. Kasper Jerwiarz"]

1. e4 c5 2. Nf3 Nc6 3. d4 cxd4 4. Nxd4 e5 5. Nf3 Nf6 6. Bc4 Be7 7. Nc3 d6 8. Bg5 O-O 9. Bxf6 Bxf6 10. h3 Be6 11. Bd5 g6 12. O-O Qe7 13. Qd2 Rad8 14. Rad1 Bg7 15. a3 h6 16. Rfe1 Kh7 17. Re3 f5 18. Rd3 Nd4 19. Bxe6 fxe4 20. Nxe4 Nxf3+ 21. gxf3 Qxe6 22. Rxd6 Rxd6 23. Qxd6 Qxh3 24. Qe7 Qxf3 25. Rd7 Qg4+ 26. Kf1 Qh3+ 27. Ke1 Qh1+ 28. Kd2 1-0

[Event "Atina Open og KM 2025"]
[Site "Amager"]
[Date "2025.11.15"]
[Round "5.11"]
[White "Skovgaard, Andreas"]
[Black "Mollasoltani, Aryan"]
[Result "1-0"]
[WhiteElo "2073"]
[BlackElo "1972"]
[WhiteFideId "1450760"]
[BlackFideId "1465716"]
[EventDate "2025.11.14"]
[EventType "swiss"]
[EventRounds "7"]
[EventCountry "DEN"]
[SourceTitle "Live v. Kasper Jerwiarz"]

1. d4 Nf6 2. c4 g6 3. Nc3 Bg7 4. e4 d6 5. f3 O-O 6. Be3 a6 7. Nge2 Nc6 8. Qd2 Rb8 9. Rc1 Bd7 10. b3 b5 11. c5 dxc5 12. dxc5 Be6 13. Qxd8 Rfxd8 14. Nf4 Bc8 15. Be2 Ne8 16. O-O e5 17. Nfd5 Be6 18. Rfd1 Kf8 19. f4 exf4 20. Bxf4 Rd7 21. Be3 Ne7 22. c6 Nxc6 23. Nxb5 axb5 24. Rxc6 Bxd5 25. exd5 Nf6 26. Bf3 Rbd8 27. Rc5 c6 28. Rxc6 Nxd5 29. Bc5+ Ne7 30. Rxd7 1-0

[Event "Atina Open og KM 2025"]
[Site "Amager"]
[Date "2025.11.15"]
[Round "5.12"]
[White "Moe, Anton Helsted"]
[Black "Nielsen Refs, Karl Emil Elmer"]
[Result "1-0"]
[WhiteElo "1978"]
[BlackElo "2191"]
[WhiteFideId "1475738"]
[BlackFideId "1452797"]
[EventDate "2025.11.14"]
[EventType "swiss"]
[EventRounds "7"]
[EventCountry "DEN"]
[SourceTitle "Live v. Kasper Jerwiarz"]

1. e4 c5 2. Nf3 Nc6 3. d4 cxd4 4. Nxd4 Nf6 5. Nc3 e5 6. Ndb5 d6 7. Bg5 a6 8. Na3 b5 9. Bxf6 gxf6 10. Nd5 Bg7 11. Bd3 Ne7 12. Nxe7 Qxe7 13. c4 O-O 14. O-O f5 15. cxb5 d5 16. f3 dxe4 17. fxe4 f4 18. Qe2 axb5 19. Nxb5 Ra6 20. Rfc1 Rh6 21. Qf2 Qg5 22. Be2 Rh4 23. Rc3 Qh6 24. h3 Bb7 25. Nd6 Qxd6 26. Qxh4 Bxe4 27. Qf2 Ba8 28. Rd1 Qg6 29. Rcd3 e4 30. Rd6 Qg5 31. h4 Qe5 32. Rd8 Qxb2 33. Rxf8+ Bxf8 34. Qxf4 h6 35. Bc4 Qg7 36. Rd7 Bc5+ 37. Kh2 Kh8 38. Rxf7 Qg6 39. Qe5+ 1-0

[Event "Atina Open og KM 2025"]
[Site "Amager"]
[Date "2025.11.16"]
[Round "6.1"]
[White "Wahlgreen, Noah Krug"]
[Black "Medhus, Vitus Bondo"]
[Result "0-1"]
[WhiteElo "2102"]
[BlackElo "2354"]
[WhiteFideId "1457349"]
[BlackFideId "1462547"]
[EventDate "2025.11.14"]
[EventType "swiss"]
[EventRounds "7"]
[EventCountry "DEN"]
[SourceTitle "Live v. Kasper Jerwiarz"]

1. e4 c5 2. Nf3 d6 3. d4 cxd4 4. Nxd4 Nf6 5. Nc3 a6 6. Bg5 e6 7. f4 Be7 8. Qf3 Qc7 9. O-O-O Nbd7 10. g4 h6 11. Qh3 Nc5 12. Bg2 Bd7 13. f5 Rc8 14. fxe6 Nxe6 15. Bxf6 Bxf6 16. Nd5 Bg5+ 17. Kb1 Qc5 18. Nf5 Nf4 19. Nxg7+ Kf8 20. Nxf4 Qxc2+ 21. Ka1 Bxf4 22. Nf5 Be5 23. Rb1 Be6 24. Ne3 Qa4 25. Nd5 Rc2 26. Qf3 Bxd5 27. exd5 Qb4 28. a3 Bxb2+ 0-1

[Event "Atina Open og KM 2025"]
[Site "Amager"]
[Date "2025.11.16"]
[Round "6.3"]
[White "Brorsen, Jacob Abildlund"]
[Black "Zander, Emil"]
[Result "1/2-1/2"]
[WhiteElo "2127"]
[BlackElo "2193"]
[WhiteFideId "1411233"]
[BlackFideId "1467123"]
[EventDate "2025.11.14"]
[EventType "swiss"]
[EventRounds "7"]
[EventCountry "DEN"]
[SourceTitle "Live v. Kasper Jerwiarz"]

1. e4 c5 2. Nf3 d6 3. d4 cxd4 4. Nxd4 Nf6 5. Nc3 a6 6. Rg1 e5 7. Nb3 h5 8. h3 Be6 9. g4 hxg4 10. hxg4 d5 11. exd5 Nxd5 12. Nxd5 Qxd5 13. Qxd5 Bxd5 14. Be3 Nc6 15. c3 O-O-O 16. Nd2 Be7 17. a4 Rh4 18. b4 Rdh8 19. b5 Nb8 20. Bd3 Rh1 21. Ke2 Rxg1 22. Rxg1 axb5 23. axb5 Nd7 24. Ra1 Kc7 25. Bc4 Bxc4+ 26. Nxc4 Bc5 27. Bxc5 Nxc5 28. b6+ Kc6 29. Nxe5+ Kxb6 30. Rb1+ Kc7 31. Nxf7 Re8+ 32. Kf1 Rf8 33. Ng5 Kc6 34. Kg2 Rf4 35. Rb4 Rf8 36. Rd4 b5 37. Ne4 Nxe4 38. Rxe4 Kd5 39. Rb4 Kc5 40. f4 Rd8 41. f5 Rd2+ 42. Kf1 Rc2 43. Rf4 Rxc3 44. g5 Kd5 45. f6 gxf6 46. gxf6 Rc8 47. f7 Rf8 48. Rf5+ Ke6 49. Rxb5 1/2-1/2